| 000 | 00624nam a22001937a 4500 | ||
|---|---|---|---|
| 005 | 20251216115316.0 | ||
| 010 | _aENG-147312 | ||
| 020 |
_a9789354426483 _c1495.00 |
||
| 035 | _aEN-130844 | ||
| 037 | _aDBAD | ||
| 082 |
_a305.8 _21 |
||
| 100 |
_aTewari, Saagar _986109 |
||
| 245 |
_aIslands Against Civilisation: _b Anthropology, Nationalism, and the Politics of Scheduling, 1918-1950/ _cSaagar Tewari |
||
| 250 | _a1 | ||
| 260 |
_aHyderabad _bOrient BlackSwan _c2025 |
||
| 270 |
_a3-6-752 Himayatnagar, _bHyderabad _e500029 |
||
| 300 |
_axvi, 504p. _c22cm(pbk) _bill. |
||
| 942 |
_2ddc _cEN _mTEW _h305.8 |
||
| 999 |
_c213941 _d213941 |
||